Mehzar-e-Takhleeq (Record no. 325195)

000 -LEADER
fixed length control field 00317 a2200133 4500
001 - CONTROL NUMBER
control field 90122
082 ## - DEWEY DECIMAL CLASSIFICATION NUMBER
Classification number 297.4 AHM
090 ## - LOCALLY ASSIGNED LC-TYPE CALL NUMBER (OCLC); LOCAL CALL NUMBER (RLIN)
-- 42462
-- 42462
100 ## - MAIN ENTRY--PERSONAL NAME
Personal name Ahmad Rafiq Akhtar
245 ## - TITLE STATEMENT
Title Mehzar-e-Takhleeq
Medium Urdu
260 ## - PUBLICATION, DISTRIBUTION, ETC.
Place of publication, distribution, etc. Lahore
Name of publisher, distributor, etc. Sang-e-Meel Publications
Date of publication, distribution, etc. 2013
300 ## - PHYSICAL DESCRIPTION
Extent 252p.
500 ## - GENERAL NOTE
General note General Books
942 ## - ADDED ENTRY ELEMENTS (KOHA)
Institution code [OBSOLETE] CAE NUST
Call number prefix 297.4 AHM
Holdings
Withdrawn status Lost status Damaged status Not for loan Collection code Permanent Location Current Location Date acquired Total Checkouts Full call number Barcode Date last seen Price effective from Koha item type
          College of Aeronautical Engineering (CAE) College of Aeronautical Engineering (CAE) 04/03/2017   297.4 AHM CAE86611 04/05/2017 04/05/2017 Book
© 2023 Central Library, National University of Sciences and Technology. All Rights Reserved.